Katze auf verschiedenen Sprachen - Statistiken

Allgemein
  • Dieses Quiz wurde 174 mal gespielt
  • Das Durchschnittsergebnis liegt bei 10 aus 20
Antwortstatistiken
Sprache Antwort % Korrekt
Englisch Cat
100%
Niederländisch Kat
100%
Dänisch Kat
100%
Schwedisch Kat
100%
Norwegisch Kat
100%
Deutsch Katze
100%
Französisch Chat/Chate
65%
Italienisch Gatto/Gatta
63%
Spanisch Gato/Gata
52%
Portugiesisch Gato/Gata
52%
Polnisch Kot
25%
Japanisch Neko (猫)
22%
Ukrainisch Kishka/Kit (Кішка/кіт)
18%
Kroatisch Mačka
15%
Chinesisch Mao (猫)
13%
Griechisch Gáta (Γάτα)
12%
Ungarisch Macska
7%
Indonesisch Kucing
6%
Vietnamesisch Con mèo
5%
Thailändisch Maew (แมว)
4%
Keine übereinstimmenden Quizze gefunden
Verteilung der Resultate
Anzahl Personen mit jedem Resultat
Perzentil nach korrekt beantworteten Fragen
Ihre Resultats-Entwicklung
Sie haben dieses Quiz noch nicht gespielt